• 首页
  • 本馆介绍
  • 公告通知
  • 最新文献
  • 馆藏检索
  • 电子资源
  • 读者导购
  • 参考咨询
  • 我的图书馆
  • 登录
  • 详细信息显示
  • 放入我的书架
  • 预约/预借图书
  • 作者相关作品
  • 分类相关作品
  • 丛书相关作品
  • 出版社相关作品

书目信息

  • 表格格式
  • 工作单格式
  • 卡片格式
书名: The interplay of influence
作者: Kathleen Hall Jamieson, Karlyn Kohrs Campbell.
分册号:
分册名:
出版地: Belmont, CA :
 
出版社: Wadsworth Pub
出版时间: c1997.
页数: xvi, 352 p. ;
开本: 24 cm.
丛书名: Wadsworth series in mass communication and journalism
中图分类号:
科图分类号:
其他分类号: G206
主题词:
电子资源:
000 01314cam a2200361 a 450
001 E0729742766
005 20070517082049.64
008 960429s1997 cau b 001 0 eng
010    @a96019714
020    @a0534514316.
035    @A(DLC) 96019714
040    @aDLC@beng@cDLC@dDLC
043    @an-us---
050 00 @aP94@b.J34 1997
082 00 @a302.23@2 20
090    @aG206
099    @dG206@ex50=4
100 1  @aJamieson, Kathleen Hall.
245 14 @aThe interplay of influence :@bnews, advertising, politics, and the mass media / @cKathleen Hall Jamieson, Karlyn Kohrs Campbell.
250    @a4th ed.
260    @aBelmont, CA :@bWadsworth Pub.,@cc1997.
300    @axvi, 352 p. ;@c24 cm.
440  0 @aWadsworth series in mass communication and journalism
504    @aIncludes bibliographical references and index.
650  0 @aMass media@xInfluence.
650  0 @aMass media@xAudiences.
650  0 @aAdvertising.
650  0 @aMass media@xPolitical aspects.
650  0 @aMass media@zUnited States.
700 1  @aCampbell, Karlyn Kohrs.
906    @a7@bcbc@corignew@d1@eocip@f19@gy-gencatlg
955    @apc18 to sa00 04-29-96; lg25 to le03 05-02-96; le03 05-03-96; le02 to ddc 05-03-96; CIP ver. lg01 08-23-96
991    @bc-GenColl@hP94@i.J34 1997@p00032929795@tCopy 1@wBOOKS
    
    The interplay of influence : : news, advertising, politics, and the mass media / / Kathleen Hall Jamieson, Karlyn Kohrs Campbell.-4th ed.-Belmont, CA : : Wadsworth Pub., , c1997.
    xvi, 352 p. ; ; 24 cm.- (Wadsworth series in mass communication and journalism )
    Includes bibliographical references and index.
    
    ISBN 0534514316.
    
●
相关链接 在E读中查询图书 在五车中查询图书 在当当中查询图书 在豆瓣中查询图书


正题名:interplay of influence     索取号:G206/x50=4         预约/预借

序号 登录号 条形码 馆藏地/架位号 状态 备注
1 9827   300098276   第二样本阅览室/ [索取号:G206/x50=4] 在馆    
2 9828   300098285   第四借阅区/ [索取号:G206/x50=4] 在馆    
3 9829   300098294   第四借阅区/ [索取号:G206/x50=4] 在馆    
4 9830   300098301   第四借阅区/ [索取号:G206/x50=4] 在馆    
唐山师范学院图书馆 欢迎您!
大连网信软件有限公司© 版权所有